[Event "US Junior Championship"]
[Site "Saint Louis USA"]
[Date "2011.06.23"]
[Round "7"]
[White "Holt,C"]
[Black "Sturt,R"]
[Result "1-0"]
[WhiteElo "2417"]
[BlackElo "2294"]

1.d4 d5 2.c4 c6 3.Nf3 Nf6 4.Nc3 dxc4 5.a4 Bf5 6.e3 e6 7.Bxc4 Bb4 8.O-O Nbd7
9.Qe2 O-O 10.e4 Bg6 11.Bd3 h6 12.e5 Bxd3 13.Qxd3 Nd5 14.Nxd5 exd5 15.Ne1 c5
16.Nc2 Ba5 17.Qg3 Kh8 18.Ne3 f5 19.Qh3 Qb6 20.b4 Qxb4 21.Nxf5 Qc3 22.Qg4 Rxf5
23.Qxf5 Qxa1 24.Qxd7 Qxd4 25.Qxb7 Re8 26.Qb5 Qxe5 27.Qxa5 d4 28.Qb5 Rb8 29.Qd3 Rb4
30.Qd1 c4 31.Re1 Qd5 32.Qg4 Rb7 33.Qg6 Rb8 34.Re7  1-0

[Event "ch-Commonwealth RSA-Open"]
[Site "Ekurhuleni RSA"]
[Date "2011.06.24"]
[Round "8.2"]
[White "Gupta,Ab"]
[Black "Ringoir,T"]
[Result "1/2-1/2"]
[WhiteElo "2604"]
[BlackElo "2399"]

1.d4 d5 2.c4 c6 3.Nf3 Nf6 4.Nc3 dxc4 5.a4 Bf5 6.Ne5 Nbd7 7.Nxc4 Nb6 8.Ne5 a5
9.e3 h6 10.f3 e6 11.e4 Bh7 12.Be2 Nfd7 13.Nd3 Qh4+ 14.g3 Qf6 15.Be3 Nc4 16.Bf2 e5
17.d5 Ncb6 18.O-O cxd5 19.exd5 Bxd3 20.Bxd3 Bb4 21.Bc2 Rc8 22.f4 Nc4 23.fxe5 Ndxe5
24.Bd4 Qd6 25.Ne4 Qxd5 26.Rf5 Rd8 27.Bxe5 Nxe5 28.Qh5 Qd4+ 29.Kh1 O-O 30.Raf1 Nd3
31.Qg4 Kh8 32.Rxf7 Rxf7 33.Rxf7 Rf8 34.Rxf8+ Bxf8 35.Bxd3 Qxd3 36.Qf5 Qb1+
37.Kg2 Qxb2+ 38.Nf2 Qb4 39.Nd3 Qd2+ 40.Kh3 Bd6 41.Qg6 Bc7 42.Qe8+ Kh7 43.Qe4+ Kh8
44.Nc5 Qd1 45.Qf5 Bd8 46.Nxb7 Bg5 47.Qb5 Qh5+ 48.Kg2 Qg6 49.Qc4 Qb6 50.Qc8+ Kh7
51.Qf5+ Kh8 52.Qc8+ Kh7 53.Qc2+ Kh8 54.Qe4 Qb2+ 55.Kh3 Qa1 56.Qc4 Qd1 57.Nxa5 Qd7+
58.g4 Qd1 59.Qc8+ Kh7 60.Qf5+ Kh8 61.Qf8+ Kh7 62.Qf5+  1/2-1/2

[Event "US Junior Championship"]
[Site "Saint Louis USA"]
[Date "2011.06.25"]
[Round "9"]
[White "Getz,A"]
[Black "Sturt,R"]
[Result "1-0"]
[WhiteElo "2292"]
[BlackElo "2294"]

1.d4 d5 2.c4 c6 3.Nf3 Nf6 4.Nc3 dxc4 5.a4 Bf5 6.e3 e6 7.Bxc4 Bb4 8.O-O Nbd7
9.Qe2 O-O 10.Ne5 Nxe5 11.dxe5 Ne4 12.Na2 Qa5 13.Nxb4 Qxb4 14.f3 Nc5 15.e4 Bg6
16.Kh1 Rfd8 17.Bg5 Rd4 18.Rfc1 b5 19.axb5 cxb5 20.Ba2 Nd3 21.Rc3 Nxe5 22.Be3 Rdd8
23.Bxe6 fxe6 24.Bc5 Qxc3 25.bxc3 a6 26.h4 Nc4 27.Qe1 h5 28.Qg3 Kh7 29.Bd4 Rd7
30.Qg5 b4 31.Qc5 e5 32.Bg1 Nb2 33.cxb4 Nd3 34.Qc6 Rdd8 35.Rxa6 Be8 36.Qxa8  1-0

[Event "US Junior Championship"]
[Site "Saint Louis USA"]
[Date "2011.06.25"]
[Round "9"]
[White "Troff,Kayden W"]
[Black "Holt,C"]
[Result "1-0"]
[WhiteElo "2255"]
[BlackElo "2417"]

1.d4 d5 2.c4 c6 3.Nf3 Nf6 4.Nc3 dxc4 5.a4 Bf5 6.Nh4 e6 7.Nxf5 exf5 8.e3 Bb4
9.Bxc4 O-O 10.Qc2 f4 11.O-O fxe3 12.Bxe3 Qc7 13.Qf5 Nbd7 14.Bb3 Qa5 15.Qc2 Nb6
16.Ne4 Nxe4 17.Qxe4 Rae8 18.Qg4 Kh8 19.d5 Nxd5 20.Bd4 f6 21.Qh4 Bd2 22.Rad1 Qb4
23.Bc2 Bh6 24.Qh3 Rd8 25.Rfe1 Rfe8 26.Re6 Kg8 27.g3 Qc4 28.Qf5 g6 29.Qe4 Nc7
30.Rxe8+ Nxe8 31.Qe7 Rb8 32.Bc3 Bf8 33.Qe3 c5 34.Bxf6 Qf7 35.Be5 Rc8 36.Be4 Nf6
37.Bxb7 Ng4 38.Qf4 Qxb7 39.Qxg4 Qb3 40.Rd3  1-0

[Event "35th ch-Gleisdorf"]
[Site "Gleisdorf AUT"]
[Date "2011.06.26"]
[Round "5"]
[White "Degtiarev,E"]
[Black "Poetz,F"]
[Result "1/2-1/2"]
[WhiteElo "2327"]
[BlackElo "2416"]

1.d4 d5 2.c4 c6 3.Nf3 Nf6 4.Nc3 dxc4 5.a4 Bf5 6.e3 e6 7.a5 Bb4 8.Qa4 Qe7
9.Bxc4 O-O 10.O-O Nbd7 11.Be2 Rac8 12.h3 b5 13.axb6 axb6 14.Nh4 Be4 15.Nxe4 Nxe4
16.Nf3 Bd6 17.Bd3 Nef6 18.e4 e5 19.Be3 Rfe8 20.Rae1 exd4 21.Bxd4 Nc5 22.Bxc5 Bxc5
23.e5 Nd5 24.Bf5 Rc7 25.Qg4 g6 26.h4 Kh8 27.Bb1 Qe6 28.Qg3 h6 29.Re4 Ra7
30.Rg4 Rg8 31.Bd3 b5 32.Rb1 Ra2 33.Kh2 Bb6 34.Re4 Rga8 35.Rg4 Bxf2 36.Qh3 R8a4  1/2-1/2

[Event "V4 IM/WGM tournament Liptov 2011"]
[Site "Liptovsky Mikulas SVK"]
[Date "2011.06.26"]
[Round "6"]
[White "Mikrut,D"]
[Black "Olsarova,K"]
[Result "1-0"]
[WhiteElo "2358"]
[BlackElo "2242"]

1.d4 d5 2.c4 c6 3.Nf3 Nf6 4.Nc3 dxc4 5.a4 Bf5 6.Ne5 Nbd7 7.Nxc4 Qc7 8.g3 e5
9.dxe5 Nxe5 10.Bf4 Nfd7 11.Bg2 g5 12.Bxe5 Nxe5 13.Qd4 f6 14.Ne3 Bg6 15.a5 Be7
16.h4 Qd6 17.Qxd6 Bxd6 18.a6 O-O-O 19.axb7+ Kxb7 20.h5 Bf7 21.Nc2 Rhe8 22.O-O-O g4
23.Nd4 Bc5 24.e3 Bc4 25.Kc2 f5 26.b3 Ba6 27.Rd2 Bxd4 28.exd4 Nf3 29.Bxf3 gxf3
30.Rh4 Rd7 31.Rf4 Re2 32.Na4 Rd5 33.Nc5+ Kb6 34.Nxa6 Kxa6 35.Rxf3 Rxd2+ 36.Kxd2 Rxd4+
37.Kc3 Rd5 38.Re3 f4 39.gxf4 Rxh5 40.Rf3 Rf5 41.Kd4 Kb6 42.Ke4 Rf8 43.Ke5 Kc7
44.Ke6 h5 45.f5 h4 46.f6 Re8+ 47.Kf7 Re4 48.Kg6 Rg4+ 49.Kh5 Rg8 50.f7  1-0

[Event "ch-Commonwealth RSA-Open"]
[Site "Ekurhuleni RSA"]
[Date "2011.06.28"]
[Round "6"]
[White "Lafuente,P"]
[Black "Ringoir,T"]
[Result "1/2-1/2"]
[WhiteElo "2555"]
[BlackElo "2399"]

1.d4 d5 2.c4 c6 3.Nf3 Nf6 4.Nc3 dxc4 5.a4 Bf5 6.Ne5 Nbd7 7.Nxc4 Nb6 8.Ne5 a5
9.Bg5 g6 10.e3 Bg7 11.Bd3 Be6 12.Be2 Nfd7 13.Nd3 Bc4 14.O-O O-O 15.Ne4 h6
16.Bh4 g5 17.Bg3 f5 18.Nec5 e5 19.Bxe5 Bxe5 20.Nxe5 Nxe5 21.dxe5 Qe7 22.Bxc4+ Nxc4
23.Nd7 Rfd8 24.Qb3 Qb4 25.Nf6+ Kf7 26.Qc2 Ke6 27.Nh5 Rd2 28.Ng7+ Kf7 29.Qxf5+ Kxg7
30.Qf6+ Kh7 31.Qf7+ Kh8 32.Qf6+ Kh7 33.Qf7+ Kh8 34.Qf6+  1/2-1/2

[Event "ch-Commonwealth RSA-Open"]
[Site "Ekurhuleni RSA"]
[Date "2011.06.30"]
[Round "8"]
[White "Gupta,Ab"]
[Black "Ringoir,T"]
[Result "1/2-1/2"]
[WhiteElo "2604"]
[BlackElo "2399"]

1.d4 d5 2.c4 c6 3.Nf3 Nf6 4.Nc3 dxc4 5.a4 Bf5 6.Ne5 Nbd7 7.Nxc4 Nb6 8.Ne5 a5
9.f3 h6 10.e3 e6 11.e4 Bh7 12.Be2 Nfd7 13.Nd3 Qh4+ 14.g3 Qf6 15.Be3 Nc4 16.Bf2 e5
17.d5 Ncb6 18.O-O cxd5 19.exd5 Bxd3 20.Bxd3 Bb4 21.Bc2 Rc8 22.f4 Nc4 23.fxe5 Ndxe5
24.Bd4 Qd6 25.Ne4 Qxd5 26.Rf5 Rd8 27.Bxe5 Nxe5 28.Qh5 Qd4+ 29.Kh1 O-O 30.Raf1 Nd3
31.Qg4 Kh8 32.Rxf7 Rxf7 33.Rxf7 Rf8 34.Bxd3 Qxd3 35.Qf5 Qb1+ 36.Kg2 Qxb2+
37.Nf2 Qb1 38.Ne4 Qb2+ 39.Nf2 Qd2 40.Kh3 Qd1 41.Qh5  1/2-1/2

[Event "2nd Big Slick IM"]
[Site "London ENG"]
[Date "2011.06.30"]
[Round "6"]
[White "Radovanovic,J"]
[Black "Yurenok,M"]
[Result "1-0"]
[WhiteElo "2323"]
[BlackElo "2100"]

1.Nf3 d5 2.d4 Nf6 3.c4 c6 4.Nc3 dxc4 5.a4 Bf5 6.e3 e6 7.Bxc4 Bb4 8.O-O O-O
9.Qe2 Nbd7 10.e4 Bg6 11.Bd3 Bh5 12.Bf4 Re8 13.e5 Nd5 14.Nxd5 cxd5 15.h3 Nb8
16.g4 Bg6 17.h4 Bxd3 18.Qxd3 Nc6 19.Kg2 Be7 20.Ng5 Bxg5 21.hxg5 Ne7 22.Bd2 Ng6
23.f4 a5 24.Rae1 Qd7 25.f5 Nf8 26.g6 fxg6 27.f6 gxf6 28.exf6 Kf7 29.Qh3 e5
30.dxe5 Qxa4 31.Kh1 Qc6 32.Rc1 Qb6 33.Bh6 Ne6 34.Be3 Ng5 35.Bxg5 Qxb2 36.Rc7+ Ke6
37.f7 Rf8 38.Re7+  1-0

[Event "7th A Ermaka Memorial"]
[Site "Zaporizhzhia UKR"]
[Date "2011.06.30"]
[Round "8.5"]
[White "Kovalenko,I"]
[Black "Kovtun,Sergei"]
[Result "1-0"]
[WhiteElo "2581"]
[BlackElo "2274"]

1.d4 Nf6 2.Nf3 d5 3.c4 c6 4.Nc3 dxc4 5.a4 Bf5 6.e3 e6 7.Bxc4 Nbd7 8.O-O Be7
9.Qe2 Nb6 10.Bb3 Nbd5 11.Ne5 h6 12.f3 Qb6 13.Qc4 Qb4 14.e4 Nxc3 15.bxc3 Qxc4
16.Bxc4 Bh7 17.Rb1 b6 18.Nxc6 Nxe4 19.fxe4 Bxe4 20.Nxe7 Bxb1 21.Ba3  1-0

[Event "Karvina Open"]
[Site "Karvina CZE"]
[Date "2011.07.02"]
[Round "1.19"]
[White "Stetz,J"]
[Black "Olsar,J"]
[Result "0-1"]
[WhiteElo "1706"]
[BlackElo "2249"]

1.d4 d5 2.Nf3 Nf6 3.c4 c6 4.Nc3 dxc4 5.a4 Bf5 6.e3 e6 7.Bxc4 Bb4 8.Bd2 Nbd7
9.O-O Qe7 10.Re1 Bg6 11.h3 O-O 12.Ra2 Rfd8 13.b3 e5 14.Nh2 Qd6 15.Ne2 Bxd2
16.Qxd2 Ne4 17.Qb2 exd4 18.Qxd4 Qe7 19.Ng4 Nb6 20.Qe5 Qd7 21.Nf4 Nxc4 22.bxc4 f6
23.Qe6+ Qxe6 24.Nxe6 Rd6 25.Nf4 Bf7 26.Rf1 Rad8 27.f3 Rd1 28.Rxd1 Rxd1+ 29.Kh2 Nc5
30.Nf2 Rd7 31.Ra3 Bxc4 32.Rc3 b5 33.a5 Rd2 34.Ne4 Nxe4 35.fxe4 Kf7 36.Kg3 g5
37.Nh5 Kg6 38.Kg4 Be2+ 39.Kg3 Bxh5 40.Rxc6 Re2 41.Rc3 Kg7 42.Rc7+ Bf7 43.Kf3 Ra2
44.Rxa7 b4 45.a6 b3 46.Ra8 Bh5+ 47.g4 Bf7 48.a7 h6 49.Kg3 Bg6 50.Kf3 Ra4
51.Ke2 Bxe4 52.Rb8 Rxa7 53.Rxb3 Ra2+ 54.Ke1 Rh2 55.Rb4 Bd3 56.Rd4 Bb1 57.Rb4 Rxh3
58.Rxb1 Rh1+  0-1

[Event "TCh-TUR 2011"]
[Site "Konya TUR"]
[Date "2011.07.02"]
[Round "6"]
[White "Atalik,E"]
[Black "Guramishvili,S"]
[Result "1-0"]
[WhiteElo "2436"]
[BlackElo "2299"]

1.d4 d5 2.c4 c6 3.Nf3 Nf6 4.Nc3 dxc4 5.a4 Bf5 6.Ne5 Nbd7 7.Nxc4 Nb6 8.Ne5 a5
9.g3 e6 10.Bg2 Bb4 11.O-O O-O 12.e3 h6 13.Qe2 Bh7 14.Rd1 Qe7 15.e4 Rfd8 16.Bf4 Rac8
17.Nd3 Nfd7 18.Nxb4 axb4 19.a5 e5 20.dxe5 Na8 21.Na4 Nxe5 22.Be3 Nd7 23.Qc4 Ne5
24.Qc5 Qxc5 25.Nxc5 Rxd1+ 26.Rxd1 b6 27.axb6 Nxb6 28.b3 Ng4 29.Bd4 Nf6 30.Na6 Nbd7
31.e5 Nd5 32.Rc1 Ne7 33.Bb2 c5 34.Bb7 Re8 35.Nxc5 Nxc5 36.Rxc5 Bf5 37.Rc4 Rb8
38.Rc7 Re8 39.Ba6 Ng6 40.Bc4 Nxe5 41.Bxe5 Rxe5 42.Rxf7 Be6 43.Bxe6 Rxe6 44.Rf4 Rb6
45.h4 g6 46.Kg2 Kg7 47.Kf3 g5 48.hxg5 hxg5 49.Re4 Kg6 50.g4 Rf6+ 51.Ke3 Rb6
52.f4 gxf4+ 53.Kxf4 Kf6 54.Ke3 Rd6 55.Rxb4 Kg5 56.Rd4 Rb6 57.b4 Rb7 58.Kd3 Rc7
59.b5 Rc1 60.Rb4 Rd1+ 61.Kc4 Kxg4 62.b6  1-0

[Event "1st ch-CHN Rapid Men Prelim"]
[Site "Hefei CHN"]
[Date "2011.07.03"]
[Round "1.11"]
[White "Li Shilong"]
[Black "Zhang Hong"]
[Result "1-0"]
[WhiteElo "2520"]
[BlackElo "2054"]

1.d4 d5 2.c4 c6 3.Nf3 Nf6 4.Nc3 dxc4 5.a4 Bf5 6.Ne5 Nbd7 7.Nxc4 Nb6 8.Ne5 a5
9.f3 Nfd7 10.Nxd7 Bxd7 11.e4 g6 12.Be3 Bg7 13.Qb3 Qc7 14.Be2 Nc8 15.O-O Qb6
16.Qxb6 Nxb6 17.Rab1 Nc8 18.Rfc1 O-O 19.Kf2 Kh8 20.Rd1 f5 21.e5 Nb6 22.b4 Nd5
23.Nxd5 cxd5 24.bxa5 Bxa4 25.Rdc1 Rxa5 26.Rxb7 Re8 27.Rcc7 Kg8 28.Rxe7 Rxe7
29.Rxe7 Bf8 30.Rc7 Ra8  1-0

[Event "1st ch-CHN Rapid Men Prelim"]
[Site "Hefei CHN"]
[Date "2011.07.03"]
[Round "2.6"]
[White "Zhou Jianchao"]
[Black "Ma Qun"]
[Result "1/2-1/2"]
[WhiteElo "2636"]
[BlackElo "2447"]

1.d4 d5 2.c4 c6 3.Nf3 Nf6 4.Nc3 dxc4 5.a4 Bf5 6.Ne5 Nbd7 7.Nxc4 Qc7 8.g3 e5
9.dxe5 Nxe5 10.Bf4 Nfd7 11.Bg2 f6 12.O-O O-O-O 13.Qc1 Nc5 14.Bxe5 fxe5 15.Qe3 Nb3
16.Rad1 Bc5 17.Qxe5 g6 18.Be4 Bh3 19.Rxd8+ Rxd8 20.Rd1 Bd4 21.Qxc7+ Kxc7
22.Bc2 Nc5 23.e3 Bxc3 24.Rxd8 Kxd8 25.bxc3 Be6 26.Nb2 b5 27.Kf1 Bf5 28.Bd1 Ne4
29.c4 b4 30.f3 Nc5 31.e4 Be6 32.Ke2 a5 33.Ke3 Nd7 34.f4 c5 35.g4 Nb6 36.Kd3 Ke7
37.h4 Bd7 38.f5 h5 39.fxg6 hxg4 40.e5 Bf5+ 41.Ke3 Bxg6 42.Bxg4 Bc2 43.Kd2 Bxa4
44.Nxa4 Nxa4 45.h5 Nb6 46.Kd3 a4 47.h6 Kf8 48.e6 Nc8 49.Bf5 Ne7 50.Be4 Kg8
51.Kc2 Kf8 52.Kb2 Kg8 53.Bc2 a3+ 54.Kb3 Nc6 55.Ka2 Ne7 56.Bb1 Nc6 57.Bg6 Ne7
58.Be4 Kh8 59.Kb3 Kg8 60.Ka2 Kh8 61.Kb3  1/2-1/2

[Event "1st ch-CHN Rapid Prelim"]
[Site "Hefei CHN"]
[Date "2011.07.03"]
[Round "2"]
[White "Zhou Jianchao"]
[Black "Ma Qun"]
[Result "1/2-1/2"]
[WhiteElo "2636"]
[BlackElo "2447"]

1.d4 d5 2.c4 c6 3.Nf3 Nf6 4.Nc3 dxc4 5.a4 Bf5 6.Ne5 Nbd7 7.Nxc4 Qc7 8.g3 e5
9.dxe5 Nxe5 10.Bf4 Nfd7 11.Bg2 f6 12.O-O O-O-O 13.Qc1 Nc5 14.Bxe5 fxe5 15.Qe3 Nb3
16.Rad1 Bc5 17.Qxe5 g6 18.Be4 Bh3 19.Rxd8+ Rxd8 20.Rd1 Bd4 21.Qxc7+ Kxc7
22.Bc2 Nc5 23.e3 Bxc3 24.Rxd8 Kxd8 25.bxc3 Be6 26.Nb2 b5 27.Kf1 Bf5 28.Bd1 Ne4
29.c4 b4 30.f3 Nc5 31.e4 Be6 32.Ke2 a5 33.Ke3 Nd7 34.f4 c5 35.g4 Nb6 36.Kd3 Ke7
37.h4 Bd7 38.f5 h5 39.fxg6 hxg4 40.e5 Bf5+ 41.Ke3 Bxg6 42.Bxg4 Bc2 43.Kd2 Bxa4
44.Nxa4 Nxa4 45.h5 Nb6 46.Kd3  1/2-1/2

[Event "1st ch-CHN Rapid Prelim"]
[Site "Hefei CHN"]
[Date "2011.07.04"]
[Round "4"]
[White "Ding Liren"]
[Black "Ma Qun"]
[Result "1-0"]
[WhiteElo "2654"]
[BlackElo "2447"]

1.d4 d5 2.c4 c6 3.Nf3 Nf6 4.Nc3 dxc4 5.a4 Bf5 6.Ne5 Nbd7 7.Nxc4 Qc7 8.g3 e5
9.dxe5 Nxe5 10.Bf4 Nfd7 11.Bg2 f6 12.O-O Nc5 13.Ne3 Bg6 14.b4 Ne6 15.b5 Rd8
16.Qb3 Nd4 17.Qb2 Bc5 18.Ng4 Ne6 19.Bxe5 fxe5 20.bxc6 bxc6 21.Ne4 Bd4 22.Qa2 Bf7
23.Qa3 Qe7 24.Qxe7+ Kxe7 25.Rac1 h5 26.Ne3 Bxe3 27.fxe3 Bg6 28.Rxc6 Bxe4
29.Bxe4 Rd6 30.Rxd6 Kxd6 31.Rd1+ Kc5 32.Rd7 a5 33.Rb7 Kc4 34.Bd3+ Kc3 35.Rb5 Rc8
36.Bf5 Rc6 37.Rxa5 Nc5 38.Ra8 g6 39.Bh3 Kd2 40.a5 Rf6 41.Re8 Kxe2 42.Rxe5 Nd3
43.Re6 Rf2 44.Rd6 Rf7 45.a6 Ne1 46.Bg2 Rc7 47.Rc6 Rd7 48.Bf1+ Kd2 49.Rxg6 Nc2
50.Bb5 Rf7 51.Kg2 Nxe3+ 52.Kh3 Ng4 53.Rd6+ Kc3 54.Kh4 Kb4 55.Bd7 Nxh2 56.a7 Rf8
57.Rb6+  1-0

[Event "1st ch-CHN Rapid Men Prelim"]
[Site "Hefei CHN"]
[Date "2011.07.04"]
[Round "5.15"]
[White "Fang,Yuxiang"]
[Black "Jia,H"]
[Result "1/2-1/2"]
[WhiteElo "1977"]
[BlackElo "2369"]

1.d4 d5 2.c4 c6 3.Nf3 Nf6 4.Nc3 dxc4 5.a4 Bf5 6.Ne5 Nbd7 7.Nxc4 Nb6 8.Ne5 a5
9.f3 Nfd7 10.Nxd7 Nxd7 11.e4 Bg6 12.Be3 e6 13.Be2 Bb4 14.O-O O-O 15.Qb3 Qb8
16.Kh1 Re8 17.Rfd1 Bd6 18.Bg1 Kh8 19.Bc4 Qc7 20.Rac1 Rad8 21.Bd3 Qb8 22.Bc4 b6
23.Bd3 e5 24.d5 c5 25.Nb5 Rf8 26.Qc2 Nf6 27.Na3 Ne8 28.Nc4 f6 29.Qe2 Be7
30.Rc3 Nd6 31.Rb3 Nxc4 32.Bxc4 Bd6 33.Bd3 Qc7 34.Qc2 Rb8 35.Qc4 f5 36.exf5 Bxf5
37.Bxf5 Rxf5 38.Re3 Rbf8 39.Re4 Qd7 40.Rde1 h6 41.Bf2 Rb8 42.Qc3 b5 43.Qxa5 bxa4
44.Bxc5 Bxc5 45.Qxc5 Rxb2 46.h3 Rb5 47.Qc2 Rxd5 48.Rxa4 Rf8 49.Rae4 Rd2 50.Qc3 Rc8
51.Qxe5 Rcc2 52.Rg4 Rc7 53.f4 Rd1 54.Rxd1 Qxd1+ 55.Kh2 Qd7 56.f5 Qe7 57.Qf4 Rd7
58.Rg6 Kh7 59.Re6 Qf7 60.Qe4 Rd8 61.f6+ Qg6 62.Qb7 Kg8 63.Ra6 Qf7 64.Qf3 Rf8
65.Qg3 Kh7 66.Rc6 Qg6 67.fxg7 Qxg3+ 68.Kxg3 Kxg7 69.h4 Ra8 70.h5 Ra3+ 71.Kh4 Ra4+
72.g4 Ra3 73.Rc7+ Kg8 74.Re7 Rb3 75.Re6 Kg7 76.Rg6+ Kh7 77.Ra6 Kg7 78.Ra7+ Kg8  1/2-1/2

[Event "ch-NOR"]
[Site "Oslo NOR"]
[Date "2011.07.04"]
[Round "3"]
[White "Sahl,Bj"]
[Black "Hole,O"]
[Result "1/2-1/2"]
[WhiteElo "2363"]
[BlackElo "2383"]

1.Nf3 d5 2.d4 Nf6 3.c4 c6 4.Nc3 dxc4 5.a4 Bf5 6.e3 e6 7.Bxc4 Bb4 8.O-O O-O
9.Qe2 Bg6 10.Ne5 Nbd7 11.Nxg6 hxg6 12.Rd1 Qa5 13.Qc2 Rac8 14.Be2 Rfd8 15.e4 e5
16.Na2 exd4 17.Rxd4 Bc5 18.Bd2 Qc7 19.Rc4 Bd6 20.h3 Nb6 21.Rc3 Bh2+ 22.Kh1 Rxd2
23.Qxd2 Nxe4 24.Qe3 Nxc3 25.Nxc3 Bf4 26.Qf3 Rd8 27.Rd1 Be5 28.a5 Nd5 29.Nxd5 Rxd5
30.Rxd5 cxd5 31.Qxd5 Qc1+ 32.Bd1 Qf4 33.g3 Qf6 34.Kg2 Bxb2 35.Qxb7 Bc3 36.Qxa7 Bd4
37.Qa8+ Kh7 38.Qf3 Qxf3+ 39.Kxf3 g5 40.Bc2+ Kg8 41.Ke2 Kf8 42.f3 Ke7 43.Kd3 Bf2
44.a6 Kd6 45.Bb3 f5 46.Ke2 Bc5 47.Bc2 f4 48.gxf4 gxf4 49.h4 Kc7 50.h5 Kb6
51.Bd3 Bd4 52.Bc4 Ka7 53.Kd3 Be3 54.Ke4 Bc1 55.Kf5  1/2-1/2

[Event "ch-BEL Open"]
[Site "Antwerp BEL"]
[Date "2011.07.05"]
[Round "4.9"]
[White "Bomans,A"]
[Black "T'sas,J"]
[Result "1/2-1/2"]
[WhiteElo "2198"]
[BlackElo "1979"]

1.d4 d5 2.c4 c6 3.Nf3 Nf6 4.Nc3 dxc4 5.a4 Bf5 6.Ne5 e6 7.f3 Nbd7 8.e4 Bg6
9.Nxc4 Qc7 10.Qb3 h6 11.Be2 Be7 12.O-O O-O 13.Be3 Rfe8 14.Rac1 Bf8 15.Rfd1 Kh8
16.Bf1 Bh7 17.Kh1 g5 18.Ne5 Kg8 19.Bf2 Red8 20.Nxd7 Qxd7 21.d5 exd5 22.exd5 Nxd5
23.Nxd5 cxd5 24.Bb5 Qe6 25.Re1 Qf6 26.Rcd1 Qd6 27.h4 Rac8 28.Bd3 Bxd3 29.Qxd3 Bg7  1/2-1/2

[Event "1st ch-CHN Rapid Men Prelim"]
[Site "Hefei CHN"]
[Date "2011.07.05"]
[Round "7.11"]
[White "Zeng,C"]
[Black "Jia,H"]
[Result "1-0"]
[WhiteElo "2413"]
[BlackElo "2369"]

1.d4 d5 2.Nf3 Nf6 3.c4 c6 4.Nc3 dxc4 5.a4 Bf5 6.Ne5 Nbd7 7.Nxc4 Nb6 8.Ne5 a5
9.g3 e6 10.Bg2 Bb4 11.O-O O-O 12.e3 h6 13.Qe2 Nfd7 14.e4 Nxe5 15.exf5 Nec4
16.fxe6 Qxd4 17.exf7+ Rxf7 18.Rd1 Qe5 19.Ne4 Kh8 20.Ra2 Re8 21.b3 Nd6 22.Rxd6 Bxd6
23.Nxd6 Qxe2 24.Nxf7+ Kg8 25.Rxe2 Rxe2 26.Be3 Nd5 27.Bxd5 cxd5 28.Nd6 Rb2
29.Nxb7 Rxb3 30.Nxa5 Rb4 31.Nc6 Rxa4 32.Ne7+ Kf7 33.Nxd5 Ke6 34.Nf4+ Kf5
35.h3 Kf6 36.Kg2 g6 37.Kf3 h5 38.g4 hxg4+ 39.hxg4 Rc4 40.Ne2 Ra4 41.Kg3 Ke5
42.Kh4 Kf6 43.Bd4+ Kf7 44.Kg5 Ra5+ 45.Kf4 g5+ 46.Kg3 Ra3+ 47.Be3 Kf6 48.Nd4 Kg6
49.Nf3 Rb3 50.Nxg5 Ra3 51.Ne4 Rb3 52.Kf4 Rb4 53.f3 Rb3 54.Bd4 Rd3 55.Be5 Ra3
56.Bc3 Ra8 57.Ke3 Re8 58.f4 Kh6 59.f5 Rg8 60.Kf4 Rc8 61.g5+ Kh7 62.Nf6+ Kh8
63.Bd4 Rd8 64.Be5 Rd1 65.g6 Kg7 66.Ng4+  1-0

[Event "1st ch-CHN Rapid w Prelim"]
[Site "Hefei CHN"]
[Date "2011.07.05"]
[Round "7.4"]
[White "Shen Yang"]
[Black "Wang Yu A"]
[Result "1-0"]
[WhiteElo "2459"]
[BlackElo "2399"]

1.d4 d5 2.Nf3 Nf6 3.c4 c6 4.Nc3 dxc4 5.a4 Bf5 6.Ne5 e6 7.f3 Bb4 8.Nxc4 O-O
9.Kf2 h6 10.e4 Bh7 11.Be3 Nbd7 12.Qb3 c5 13.Rd1 cxd4 14.Qxb4 dxe3+ 15.Nxe3 Qb8
16.Be2 Ne5 17.Nb5 Nc6 18.Qd6 a6 19.Qxb8 Raxb8 20.Nd6 Rfd8 21.Nec4 Kf8 22.Rd3 Ke7
23.Rhd1 Ne8 24.Nxe8 Kxe8 25.Rxd8+ Nxd8 26.b4 f6 27.Nb6 Bg8 28.Rd7 Bf7 29.b5 e5
30.a5 Ne6 31.bxa6 bxa6 32.Ra7 Nc5 33.Bxa6 Nxa6 34.Rxa6 Ke7 35.Ra7+ Ke6 36.Ke3 g6
37.Nd5 Rb3+ 38.Kd2 Bg8 39.Ra6+ Kf7 40.Rxf6+ Kg7 41.Rb6 Ra3 42.a6  1-0

[Event "1st ch-CHN Rapid Men Prelim"]
[Site "Hefei CHN"]
[Date "2011.07.05"]
[Round "8.11"]
[White "Zhang Hong"]
[Black "Ma Qun"]
[Result "0-1"]
[WhiteElo "2054"]
[BlackElo "2447"]

1.d4 d5 2.c4 c6 3.Nf3 Nf6 4.Nc3 dxc4 5.a4 Bf5 6.Ne5 Nbd7 7.Nxc4 Qc7 8.g3 e5
9.dxe5 Nxe5 10.Bf4 Nfd7 11.Bg2 f6 12.Nxe5 fxe5 13.Be3 Nc5 14.O-O Rd8 15.Qe1 Be7
16.Bxc5 Bxc5 17.Ne4 Be7 18.e3 a5 19.Qc3 Bb4 20.Qc4 Qf7 21.Qxf7+ Kxf7 22.Rfc1 h6
23.Nc5 Bc8 24.Be4 Kf6 25.Nd3 Be7 26.Rab1 Rd6 27.b4 axb4 28.Nxb4 Rd2 29.a5 Bxb4
30.Rxb4 Ra2 31.Rd1 Ke7 32.Bb1 Rxa5 33.f4 Rd8 34.Rxd8 Kxd8 35.Kf2 Ke7 36.Kf3 b5
37.fxe5 c5 38.Rb2 Be6 39.h4 b4 40.Ke2 Rb5 41.Kd3 c4+ 42.Kd4 c3 43.Rf2 Rd5+
44.Ke4 Rd2  0-1

[Event "1st ch-CHN Rapid Men Prelim"]
[Site "Hefei CHN"]
[Date "2011.07.05"]
[Round "8.8"]
[White "Zhao Jun"]
[Black "Mu Ke"]
[Result "1-0"]
[WhiteElo "2588"]
[BlackElo "2290"]

1.d4 d5 2.c4 c6 3.Nf3 Nf6 4.Nc3 dxc4 5.a4 Bf5 6.Ne5 Nbd7 7.Nxc4 Nb6 8.Ne5 a5
9.e3 e6 10.g4 Bg6 11.h4 Nfd7 12.Nxd7  1-0

[Event "1st ch-CHN Rapid Men Prelim"]
[Site "Hefei CHN"]
[Date "2011.07.05"]
[Round "9.10"]
[White "Li Shilong"]
[Black "Jia,H"]
[Result "0-1"]
[WhiteElo "2520"]
[BlackElo "2369"]

1.d4 d5 2.c4 c6 3.Nf3 Nf6 4.Nc3 dxc4 5.a4 Bf5 6.Ne5 Nbd7 7.Nxc4 Nb6 8.Ne5 a5
9.Bg5 Nbd5 10.Qb3 Qb6 11.Qxb6 Nxb6 12.f3 Bc2 13.e4 e6 14.Be2 Bb4 15.Kf2 Nfd7
16.Nd3 f6 17.Be3 Bb3 18.Rhc1 Bc4 19.Nb1 Bxd3 20.Bxd3 Ke7 21.Nc3 Rhd8 22.Bf1 e5
23.Ne2 exd4 24.Nxd4 g6 25.b3 Nc8 26.Ra2 Nd6 27.Rac2 Ne5 28.Be2 Rac8 29.Kf1 h5
30.h3 Nef7 31.Ra2 c5 32.Nc2 Bc3 33.Ne1 Bd4 34.Bd2 b6 35.Nc2 f5 36.Nxd4 cxd4
37.Rxc8 Rxc8 38.exf5 Nxf5 39.Ba6 Rc7 40.g4 hxg4 41.hxg4 Ne3+ 42.Ke2 Nd5 43.Kd3 Rd7
44.Bb5 Rd6 45.f4 Nd8 46.Ra1 Ne6 47.Re1 Kf6 48.g5+ Kg7 49.Rf1 Nc5+ 50.Kc4 Ne4
51.Kd3 Nc5+ 52.Kxd4 Nxb3+ 53.Ke5 Rd8 54.Bc1 Nc3 55.Bc6 Nc5 56.Ba3 N3xa4 57.Rb1 Nc3
58.Rxb6 Nd3+ 59.Ke6 Nxf4+ 60.Ke7 Ncd5+ 61.Kxd8 Nxb6 62.Ke8 Nbd5 63.Bb2+ Kg8
64.Be5 Kh7 65.Kf7 Nd3 66.Bd4 N3f4 67.Be5 Nd3 68.Bd6 N3f4 69.Ba4 Nh3 70.Ke6 Nc3
71.Bc2 Nxg5+ 72.Ke7 Nge4 73.Be5 a4  0-1

[Event "Naantalin Open"]
[Site "Naantali FIN"]
[Date "2011.07.05"]
[Round "3"]
[White "Koskinen,E"]
[Black "Topi Hulmi,T"]
[Result "0-1"]
[WhiteElo "1961"]
[BlackElo "2261"]

1.d4 d5 2.c4 c6 3.Nc3 Nf6 4.Nf3 dxc4 5.a4 Bf5 6.Ne5 e6 7.e3 Bb4 8.Bxc4 Nbd7
9.Qb3 a5 10.O-O Nxe5 11.dxe5 Nd7 12.f4 Nc5 13.Qa2 O-O 14.Ne2 Qb6 15.Nd4 Rad8
16.b3 Ne4 17.Qe2 Bc3 18.Nxf5 Bxa1 19.Ne7+ Kh8 20.Rf3 Qc5  0-1

[Event "6th Polonia Wroclaw Open A"]
[Site "Wroclaw POL"]
[Date "2011.07.05"]
[Round "2"]
[White "Malaniuk,V"]
[Black "Janocha,W"]
[Result "1-0"]
[WhiteElo "2455"]
[BlackElo "2275"]

1.d4 d5 2.c4 c6 3.Nf3 Nf6 4.Nc3 dxc4 5.a4 Bf5 6.Nh4 e6 7.Nxf5 exf5 8.e3 Bd6
9.Bxc4 O-O 10.h3 Qe7 11.Qf3 g6 12.g4 fxg4 13.hxg4 Nbd7 14.Bd2 c5 15.g5 Nh5
16.Nd5 Qxg5 17.O-O-O Qd8 18.Rxh5 gxh5 19.Qxh5 Re8 20.Bd3 Nf8 21.Bxh7+ Nxh7
22.Rg1+  1-0

[Event "1st ch-CHN Rapid KO"]
[Site "Hefei CHN"]
[Date "2011.07.06"]
[Round "1.1"]
[White "Yu Yangyi"]
[Black "Zhou Jianchao"]
[Result "0-1"]
[WhiteElo "2672"]
[BlackElo "2636"]

1.Nf3 d5 2.d4 Nf6 3.c4 c6 4.Nc3 dxc4 5.a4 Bf5 6.Nh4 e6 7.Nxf5 exf5 8.e3 Bb4
9.Bxc4 O-O 10.Bd2 Nbd7 11.Qf3 Nb6 12.Bb3 Qd7 13.O-O a5 14.Rfd1 Rfe8 15.Rac1 Rad8
16.Nb1 Bxd2 17.Nxd2 g6 18.h3 Kg7 19.Rc5 Ra8 20.Qg3 Red8 21.Bc2 Qd6 22.Qxd6 Rxd6
23.Nb3 Rd5 24.Rxd5 Nbxd5 25.Nc5 Nb4 26.Bb3 Rb8 27.f3 h5 28.Kf2 h4 29.Ke2 Nfd5
30.Kf2 b6 31.Nd3 Nxd3+ 32.Rxd3 Nb4 33.Rc3 Rd8 34.Ke2 f4 35.d5 cxd5 36.exf4 Kf6
37.Rc7 Re8+ 38.Kd2 Re7 39.Rc8 Kf5 40.Rh8 Kxf4 41.Rxh4+ Kg3 42.Rg4+ Kf2 43.Bd1 Re6
44.h4 Re3 45.Rd4 Re8 46.Rg4 Nc6 47.f4 Nd4 48.Rg5 Rd8 49.g4 Kg3 50.Re5 Kxf4
51.Re7 f5 52.gxf5 Nxf5 53.Rf7 Ke5 54.Rh7 Rd6 55.Bc2 Nd4 56.Bd3 Nb3+ 57.Kc2 Nc5
58.h5 gxh5 59.Rxh5+ Kf4 60.b4 axb4 61.Rh4+ Ke3 62.Rh3+ Kf2 63.Bb5 d4 64.Bc4 Kg2
65.Rh5 d3+ 66.Kd2 Ne4+ 67.Ke3 d2 68.Be2 Nf6 69.Rg5+ Kh2 70.Bd1 Nd5+ 71.Kxd2 Nc3+
72.Kc2 Nxd1 73.Kb3 Rd4 74.Rb5 Ne3 75.Rxb4 Rd3+ 76.Kb2 Rd6 77.Re4 Nd5 78.Rd4 Kg3
79.Kb3 Kf3 80.Kc4 Ne3+ 81.Kc3 Rc6+ 82.Kb3 Rc5 83.Rb4 Nd5 84.Rc4 Ra5 85.Rh4 Ke3
86.Rg4 Kd3 87.Rc4 Rc5 88.Rh4 Rc3+ 89.Kb2 Rc4 90.Rh5 Kd4 91.Kb3 Kc5 92.Rg5 Rc3+
93.Kb2 Rd3 94.Rh5 Kc4 95.Rg5 Kb4 96.Rg4+ Ka5 97.Rh4 Nb4 98.Rh6 Na6  0-1

[Event "9th Niki Open"]
[Site "Nachod CZE"]
[Date "2011.07.06"]
[Round "5.33"]
[White "Martinovsky,M"]
[Black "Kotva,M"]
[Result "0-1"]
[WhiteElo "1879"]
[BlackElo "2014"]

1.d4 d5 2.Nf3 Nf6 3.c4 c6 4.Nc3 dxc4 5.a4 Bf5 6.e3 e6 7.Bxc4 Be7 8.O-O O-O
9.h3 h6 10.Qe2 Ne4 11.Nxe4 Bxe4 12.Rd1 Nd7 13.Bd2 Nb6 14.Bd3 Bxd3 15.Qxd3 Qc7
16.Ba5 Rad8 17.Rac1 Rd5 18.Qc3 Qb8 19.Bxb6 axb6 20.b3 Rfd8 21.Qc2 Bf6 22.g3 Qa7
23.Kg2 Qa5 24.Kg1 b5 25.axb5 Qxb5 26.Kg2 Qb6 27.Rb1 Rb5 28.Kg1 Qc7 29.Rbc1 Qd6
30.Nd2 Be7 31.Kh2 Qd5 32.Qc4 Qf5 33.Qe2 Bd6 34.Rb1 Bc7 35.Kg2 h5 36.h4 Bd6
37.Qf3 Qg6 38.Qe4 Rf5 39.Nf3 Be7 40.Nd2 Kh7 41.Kf1 Rb5 42.Qxg6+ Kxg6 43.Kg2 e5
44.Nf3 exd4 45.Rxd4 Rxd4 46.Nxd4 Bf8 47.Ne2 Kf5 48.Kf3 Ke5 49.Nf4 g6 50.Nd3+ Kd6
51.Ke4 c5 52.Nf4 Kc6 53.Nd5 f5+ 54.Ke5 Bd6+ 55.Ke6 Ra5 56.b4  0-1